プロ野球スピリッツA【プロスピA】の外国人選手 (広島東洋カープ) - Statistics

General Stats
  • This quiz has been taken 112 times
    36 since last reset
  • The average score is 19 of 44
Answer Stats
選手名 % Correct
野手 S.ファビアン
86%
野手 B.エルドレッド
83%
投手 T.ハーン
83%
野手 E.モンテロ
79%
投手 D.J.ジョンソン
72%
野手 J.シャイナー
72%
投手(OB) K.ジョンソン
72%
野手 M.レイノルズ
72%
野手 X.バティスタ
72%
投手 J.ジャクソン
66%
野手 R.マクブルーム
62%
投手 G.フランスア
55%
野手 H.ルナ
55%
野手 A.メヒア
52%
野手(OB) A.シーツ
48%
野手(OB) G.ラロッカ
48%
野手 M.デビッドソン
48%
投手(TS) D.サファテ
45%
投手 J.ドミンゲス
45%
投手 R.コルニエル
45%
野手 R.ロサリオ
45%
投手(OB) C.ルイス
41%
野手 J.ピレラ
41%
投手 N.ターリー
41%
野手(OB) A.ギャレット
34%
投手 B.ヘーゲンズ
34%
野手(OB) J.ライトル
34%
投手(OB) K.レグナルト
34%
野手 K.クロン
31%
野手(OB) L.ロペス
31%
投手(OB) N.ミンチー
31%
野手(OB) E.ディアス
28%
野手 N.シアーホルツ
28%
投手 T.スコット
28%
投手 D.アンダーソン
24%
投手 D.ネバラスカス
24%
投手(OB) M.シュルツ
24%
投手 R.ブレイシア
24%
投手 D.ヒース
21%
投手 L.カンポス
21%
投手 J.ヘルウェグ
17%
投手 M.ザガースキー
17%
投手 T.ハッチ
17%
野手 R.ペーニャ
14%
No matching quizzes found
Score Distribution
Percent of People with Each Score
Percentile by Number Answered
Your Score History
You have not taken this quiz since the last reset